| 000 | 00588nam a22001457a 4500 | ||
|---|---|---|---|
| 020 | _a978-0-7783-0436-4 | ||
| 082 |
_a823 _bMAC/S |
||
| 100 | _aMACOMBER, DEBBIE | ||
| 245 | _a74 SEASIDE AVENUE | ||
| 260 |
_aGREAT BRITAIN _bMIRA _c2007 |
||
| 300 | _a400 | ||
| 520 | _aWell, Teri got married a little while ago—to Bobby Polgar, the famous chess champion. They've moved into a beautiful house, 74 Seaside Avenue, which has a spectacular view of Puget Sound. Teri's my hairdresser, and she confided that something seems to be worrying Bobby. | ||
| 650 |
_aNOVEL _zGREAT BRITAIN |
||
| 942 | _cBK | ||
| 999 |
_c3524 _d3524 |
||